Cambios morfológicos y reproductivos de un girasol CL causados por la interferencia de malezas invasoras del género Helianthus (HelM) /
Guardado en:
| Autor Principal: | |
|---|---|
| Autor Corporativo: | |
| Otros Autores: | |
| Formato: | Libro |
| Idioma: | Spanish |
| Publicado: |
Bahía Blanca,
2012.
|
| Etiquetas: |
Agregar Etiqueta
Sin Etiquetas, Sea el primero en etiquetar este registro!
|
| LEADER | 00775nam a22001695a 4500 | ||
|---|---|---|---|
| 001 | EEA.libagro008692 | ||
| 005 | 20171010110623.0 | ||
| 008 | 130809s2012####ag#a##########000#0#spa#d | ||
| 082 | 0 | 4 | |a 633.85 |
| 100 | 1 | |a Luisoni, María Julia. | |
| 245 | 1 | 0 | |a Cambios morfológicos y reproductivos de un girasol CL causados por la interferencia de malezas invasoras del género Helianthus (HelM) / |c María Julia Luisoni. |
| 260 | |a Bahía Blanca, |c 2012. | ||
| 300 | |a 33 h. : |b il. ; |c 30 cm. | ||
| 500 | |a Trabajo de intensificación (Ingeniero Agrónomo) -- Universidad Nacional del Sur. Departamento de Agronomía, 2012. | ||
| 700 | 1 | |a Cantamutto, Miguel A., |e tutor. | |
| 710 | 2 | |a Universidad Nacional del Sur. |b Departamento de Agronomía. | |
| 859 | |a AR-BbBCA |b BIB. AGRONOMIA |h 633.85 |i L953 |p 2012/6082 | ||
